Score 0/12 Timer 02:00
0 Plays Today
% Correct
Fantasia
100%
The mark of Zorro
100%
The Great Dictator
93.3%
De Maltese Falcon
93.3%
Champion
93.3%
The third man
93.3%
Gaslight
93.3%
The postman always rings twice
93.3%
The Grapes of Wrath
86.7%
It's a wonderful life
86.7%
The Big Sleep
86.7%
A foreign affair
86.7%

You're not logged in!

Compare scores with friends on all Sporcle quizzes.
OR
Log In

Sporcle TV

Today on Sporcle TV


Watch our educational content, quiz creation guides, and fun videos on Sporcle TV.

Show Comments

Extras

Created Sep 8, 2019ReportNominate
Tags:Translation Quiz, dutch

Top Quizzes Today


Score Distribution

Paid Content

Your Account Isn't Verified!

In order to create a playlist on Sporcle, you need to verify the email address you used during registration. Go to your Sporcle Settings to finish the process.

Report this User

Report this user for behavior that violates our Community Guidelines.

Details: